1000 Biggest Cities in the United States - Statistics

General Stats
  • This quiz has been taken 243 times
  • The average score is 293 of 1000
Answers on the Map
Answers color-coded by a green-red scale on the quiz's map according to % correct below.
 
Answer Stats
State Population City % Correct
Mississippi 143,709 Jackson
90%
Tennessee 68,264 Jackson
90%
California 3,820,914 Los Angeles
90%
New York 8,258,035 New York
90%
Texas 2,314,157 Houston
88%
Florida 985,843 Jacksonville
87%
North Carolina 72,879 Jacksonville
87%
Texas 1,302,868 Dallas
86%
Florida 455,924 Miami
86%
Illinois 2,664,452 Chicago
85%
Nevada 660,929 Las Vegas
85%
Pennsylvania 1,550,542 Philadelphia
85%
Arizona 1,650,070 Phoenix
85%
Massachusetts 653,833 Boston
84%
Colorado 716,577 Denver
84%
Oregon 630,498 Portland
84%
Maine 69,104 Portland
84%
Michigan 633,218 Detroit
83%
Texas 1,495,295 San Antonio
83%
Utah 91,943 Sandy
83%
Washington 755,078 Seattle
83%
Florida 403,364 Tampa
83%
Texas 687,958 El Paso
82%
Hawaii 350,963 Honolulu
82%
Indiana 879,293 Indianapolis
82%
Oklahoma 702,767 Oklahoma City
82%
California 75,803 Pittsburg
82%
California 808,988 San Francisco
82%
Alaska 286,075 Anchorage
81%
Texas 979,882 Austin
81%
Missouri 510,704 Kansas City
81%
Kansas 152,933 Kansas City
81%
Louisiana 364,136 New Orleans
81%
California 1,388,320 San Diego
81%
Ohio 913,175 Columbus
80%
Georgia 201,877 Columbus
80%
Indiana 51,522 Columbus
80%
Florida 320,742 Orlando
80%
Idaho 235,421 Boise
79%
Pennsylvania 303,255 Pittsburgh
79%
California 526,384 Sacramento
79%
New Mexico 560,274 Albuquerque
78%
Georgia 510,823 Atlanta
78%
Minnesota 425,115 Minneapolis
78%
District of Columbia 678,972 Washington
78%
Maryland 565,239 Baltimore
77%
Nebraska 294,757 Lincoln
77%
California 54,538 Lincoln
77%
Tennessee 687,788 Nashville
77%
Nebraska 483,335 Omaha
77%
Nevada 274,915 Reno
77%
Virginia 229,947 Richmond
77%
California 114,106 Richmond
77%
Utah 209,593 Salt Lake City
77%
Missouri 281,754 St. Louis
77%
Louisiana 219,573 Baton Rouge
76%
New York 274,678 Buffalo
76%
North Carolina 911,311 Charlotte
76%
Ohio 311,097 Cincinnati
76%
Ohio 362,656 Cleveland
76%
Tennessee 49,086 Cleveland
76%
Texas 978,468 Fort Worth
76%
Tennessee 618,639 Memphis
76%
Wisconsin 561,385 Milwaukee
76%
North Carolina 482,295 Raleigh
76%
Arizona 547,239 Tucson
76%
Oklahoma 411,894 Tulsa
76%
Wisconsin 280,305 Madison
75%
Alabama 60,854 Madison
75%
North Carolina 252,975 Winston-Salem
75%
South Carolina 155,369 Charleston
74%
West Virginia 46,838 Charleston
74%
California 545,716 Fresno
74%
New Jersey 304,960 Newark
74%
Ohio 51,046 Newark
74%
California 46,929 Newark
74%
Missouri 170,188 Springfield
74%
Massachusetts 153,672 Springfield
74%
Illinois 112,544 Springfield
74%
Oregon 61,085 Springfield
74%
Ohio 58,082 Springfield
74%
Minnesota 303,820 St. Paul
74%
California 969,655 San Jose
73%
Kansas 396,119 Wichita
73%
Oregon 177,432 Salem
72%
Massachusetts 44,744 Salem
72%
Florida 202,221 Tallahassee
72%
Kentucky 622,981 Louisville
71%
Alabama 196,644 Birmingham
70%
Colorado 488,664 Colorado Springs
70%
Texas 316,595 Corpus Christi
70%
Iowa 210,381 Des Moines
70%
Arkansas 203,842 Little Rock
70%
California 449,468 Long Beach
69%
Missouri 59,413 St. Peters
69%
California 413,381 Bakersfield
68%
California 436,504 Oakland
68%
Washington 229,447 Spokane
68%
Virginia 453,649 Virginia Beach
68%
Texas 398,431 Arlington
67%
California 91,139 Carson
67%
Kentucky 320,154 Lexington
67%
New Mexico 89,167 Santa Fe
67%
New York 101,228 Albany
66%
Georgia 66,877 Albany
66%
Oregon 57,053 Albany
66%
New Jersey 291,657 Jersey City
66%
New York 207,274 Rochester
66%
Minnesota 122,413 Rochester
66%
South Carolina 142,416 Columbia
65%
Missouri 129,330 Columbia
65%
Tennessee 47,445 Columbia
65%
Alabama 195,287 Montgomery
65%
Rhode Island 190,792 Providence
65%
Ohio 265,304 Toledo
65%
Wyoming 65,168 Cheyenne
64%
North Dakota 133,188 Fargo
64%
Ohio 188,701 Akron
63%
Texas 202,408 Amarillo
63%
California 340,512 Anaheim
63%
Colorado 395,052 Aurora
63%
Illinois 177,563 Aurora
63%
Montana 120,864 Billings
63%
Ohio 135,512 Dayton
63%
Florida 184,255 Fort Lauderdale
63%
Alabama 225,564 Huntsville
63%
Texas 48,552 Huntsville
63%
Alabama 182,595 Mobile
63%
California 318,858 Riverside
63%
South Dakota 206,410 Sioux Falls
63%
Florida 263,553 St. Petersburg
63%
North Carolina 296,186 Durham
62%
Texas 266,878 Lubbock
62%
Nevada 284,771 North Las Vegas
62%
Washington 222,906 Tacoma
62%
North Carolina 122,698 Wilmington
62%
Delaware 71,675 Wilmington
62%
North Dakota 75,092 Bismarck
61%
Indiana 269,994 Fort Wayne
61%
North Carolina 302,296 Greensboro
61%
Nevada 337,305 Henderson
61%
Georgia 200,884 Augusta
60%
Connecticut 119,669 Hartford
60%
California 319,543 Stockton
60%
New York 145,560 Syracuse
60%
Arizona 511,648 Mesa
59%
Georgia 147,748 Savannah
59%
Kansas 125,475 Topeka
59%
Wisconsin 105,744 Green Bay
58%
California 223,728 San Bernardino
58%
Nevada 58,036 Carson City
57%
California 122,315 Concord
57%
North Carolina 110,119 Concord
57%
New Hampshire 44,629 Concord
57%
Minnesota 87,680 Duluth
57%
Arizona 253,855 Glendale
57%
California 187,050 Glendale
57%
Tennessee 198,162 Knoxville
57%
Michigan 112,115 Lansing
57%
Texas 257,602 Laredo
57%
Virginia 230,930 Norfolk
57%
California 310,539 Santa Ana
57%
Arizona 244,394 Scottsdale
57%
Texas 144,816 Waco
57%
Washington 55,733 Olympia
56%
Oregon 177,899 Eugene
55%
Pennsylvania 50,012 Harrisburg
55%
Connecticut 135,319 New Haven
55%
Texas 146,716 Pasadena
55%
California 133,560 Pasadena
55%
New Jersey 89,620 Trenton
55%
Georgia 128,628 Athens
54%
Michigan 196,608 Grand Rapids
54%
North Carolina 60,032 Burlington
53%
Vermont 44,528 Burlington
53%
Arizona 280,167 Chandler
53%
Virginia 253,886 Chesapeake
53%
Pennsylvania 92,957 Erie
53%
California 166,236 Lancaster
53%
Pennsylvania 57,153 Lancaster
53%
Ohio 41,422 Lancaster
53%
Utah 113,343 Provo
53%
Louisiana 177,959 Shreveport
53%
California 274,333 Chula Vista
52%
North Carolina 209,749 Fayetteville
52%
Arkansas 101,680 Fayetteville
52%
California 314,621 Irvine
52%
Louisiana 121,467 Lafayette
51%
Indiana 71,216 Lafayette
51%
New Hampshire 115,474 Manchester
51%
California 86,499 Santa Barbara
51%
Iowa 85,727 Sioux City
51%
Massachusetts 207,621 Worcester
51%
New York 207,657 Yonkers
51%
Texas 111,620 Allen
50%
Connecticut 148,028 Bridgeport
50%
Texas 190,158 Brownsville
50%
Iowa 135,958 Cedar Rapids
50%
Tennessee 187,030 Chattanooga
50%
Arizona 189,834 Tempe
50%
Washington 196,442 Vancouver
50%
Virginia 155,230 Alexandria
49%
Louisiana 43,466 Alexandria
49%
Maryland 40,552 Annapolis
49%
Texas 146,593 McAllen
49%
Florida 53,724 Pensacola
49%
Texas 290,190 Plano
49%
Florida 245,021 Port St. Lucie
49%
Utah 104,578 St. George
49%
Florida 224,455 Cape Coral
48%
Florida 82,485 Daytona Beach
48%
Florida 153,859 Hollywood
48%
Idaho 68,001 Idaho Falls
48%
Texas 254,373 Irving
48%
California 224,028 Santa Clarita
48%
Wyoming 58,720 Casper
47%
Arizona 76,586 Flagstaff
47%
California 226,208 Fremont
47%
North Carolina 90,053 Greenville
47%
South Carolina 72,824 Greenville
47%
West Virginia 45,325 Huntington
47%
California 192,129 Huntington Beach
47%
Montana 77,757 Missoula
47%
Pennsylvania 75,805 Scranton
47%
Colorado 105,898 Boulder
46%
Michigan 79,661 Flint
46%
Missouri 42,552 Jefferson City
46%
California 175,845 Santa Rosa
46%
Oregon 104,557 Bend
45%
Florida 145,812 Gainesville
45%
Georgia 47,265 Gainesville
45%
California 198,488 Oxnard
45%
Pennsylvania 124,880 Allentown
44%
Mississippi 48,235 Biloxi
44%
Montana 57,305 Bozeman
44%
Florida 97,372 Fort Myers
44%
Indiana 67,652 Gary
44%
Hawaii 44,186 Hilo
44%
Georgia 156,512 Macon
44%
California 218,915 Modesto
44%
Arizona 198,750 Peoria
44%
Illinois 110,460 Peoria
44%
California 89,922 Santa Monica
44%
Texas 129,043 Abilene
43%
Michigan 119,381 Ann Arbor
43%
Massachusetts 118,214 Cambridge
43%
Indiana 115,332 Evansville
43%
Colorado 170,376 Fort Collins
43%
Arizona 275,411 Gilbert
43%
Iowa 75,678 Iowa City
43%
New Mexico 114,892 Las Cruces
43%
Virginia 183,118 Newport News
43%
Texas 115,743 Odessa
43%
California 138,337 Orange
43%
Colorado 111,077 Pueblo
43%
Virginia 97,171 Roanoke
43%
North Carolina 95,056 Asheville
42%
Texas 225,007 Frisco
42%
Texas 243,470 Garland
42%
Florida 221,300 Hialeah
42%
Texas 138,397 Midland
42%
Michigan 42,663 Midland
42%
California 131,062 Santa Clara
42%
Indiana 103,395 South Bend
42%
Texas 102,691 Wichita Falls
42%
California 118,962 Berkeley
41%
Tennessee 180,716 Clarksville
41%
Idaho 114,268 Nampa
41%
Alabama 111,338 Tuscaloosa
41%
Florida 124,130 West Palm Beach
41%
Pennsylvania 44,867 York
41%
Arizona 100,858 Yuma
41%
Iowa 100,354 Davenport
40%
Texas 53,237 Galveston
40%
Colorado 69,412 Grand Junction
40%
Kansas 197,089 Overland Park
40%
Kansas 45,792 Salina
40%
Texas 112,193 Beaumont
39%
California 58,463 Beaumont
39%
Kentucky 76,212 Bowling Green
39%
Texas 158,349 Denton
39%
California 170,020 Oceanside
39%
Illinois 146,120 Rockford
39%
Minnesota 71,013 St. Cloud
39%
Florida 66,448 St. Cloud
39%
Minnesota 87,398 Bloomington
38%
Indiana 78,840 Bloomington
38%
Illinois 78,587 Bloomington
38%
New Jersey 135,829 Elizabeth
38%
Mississippi 72,823 Gulfport
38%
Virginia 137,098 Hampton
38%
Washington 133,378 Kent
38%
Colorado 155,961 Lakewood
38%
California 78,135 Lakewood
38%
Washington 62,303 Lakewood
38%
Ohio 49,337 Lakewood
38%
Massachusetts 114,296 Lowell
38%
New Hampshire 91,003 Nashua
38%
California 182,457 Ontario
38%
New Jersey 156,452 Paterson
38%
California 109,987 Santa Maria
38%
Washington 151,574 Bellevue
37%
Nebraska 63,922 Bellevue
37%
Florida 116,850 Clearwater
37%
Texas 125,192 College Station
37%
Montana 60,422 Great Falls
37%
Illinois 150,489 Joliet
37%
Tennessee 165,430 Murfreesboro
37%
Illinois 150,245 Naperville
37%
New York 47,599 Niagara Falls
37%
Oklahoma 130,046 Norman
37%
Utah 87,267 Ogden
37%
Minnesota 77,648 Plymouth
37%
California 92,727 Redding
37%
Connecticut 136,226 Stamford
37%
Arizona 158,285 Surprise
37%
Washington 96,750 Yakima
37%
New Jersey 71,100 Camden
36%
Washington 111,180 Everett
36%
Massachusetts 50,318 Everett
36%
Texas 202,134 Grand Prairie
36%
Missouri 120,922 Independence
36%
Wisconsin 98,211 Kenosha
36%
Massachusetts 101,597 Quincy
36%
California 101,327 San Mateo
36%
New York 63,607 Utica
36%
Ohio 69,197 Canton
35%
California 212,392 Moreno Valley
35%
California 174,405 Rancho Cucamonga
35%
Pennsylvania 94,903 Reading
35%
New Mexico 110,660 Rio Rancho
35%
Washington 108,235 Spokane Valley
35%
Texas 110,327 Tyler
35%
Utah 114,908 West Jordan
35%
Oklahoma 119,194 Broken Arrow
34%
Arkansas 89,770 Fort Smith
34%
Michigan 73,126 Kalamazoo
34%
Idaho 134,801 Meridian
34%
California 77,492 Napa
34%
California 45,218 Palm Springs
34%
North Carolina 180,010 Cary
33%
California 101,301 Chico
33%
California 215,465 Fontana
33%
North Dakota 58,921 Grand Forks
33%
Louisiana 79,633 Lake Charles
33%
Kansas 147,461 Olathe
33%
Florida 171,119 Pembroke Pines
33%
Virginia 96,793 Portsmouth
33%
Georgia 91,706 Roswell
33%
New Mexico 47,109 Roswell
33%
California 159,506 Salinas
33%
Nevada 110,323 Sparks
33%
California 123,463 Thousand Oaks
33%
Utah 134,470 West Valley City
33%
Ohio 59,108 Youngstown
33%
Pennsylvania 42,788 Altoona
32%
Washington 83,870 Auburn
32%
Alabama 82,025 Auburn
32%
Indiana 102,296 Carmel
32%
New Mexico 46,237 Farmington
32%
Kansas 96,207 Lawrence
32%
Massachusetts 88,172 Lawrence
32%
Indiana 49,235 Lawrence
32%
Texas 213,509 McKinney
32%
South Carolina 121,469 North Charleston
32%
South Dakota 79,404 Rapid City
32%
Texas 108,515 Sugar Land
32%
Michigan 87,339 Troy
32%
New York 50,607 Troy
32%
Virginia 44,983 Charlottesville
31%
California 178,444 Elk Grove
31%
Florida 122,264 Lakeland
31%
Oregon 85,098 Medford
31%
Massachusetts 58,744 Medford
31%
Louisiana 46,616 Monroe
31%
Idaho 54,943 Twin Falls
31%
Colorado 121,414 Arvada
30%
New York 46,727 Binghamton
30%
California 113,495 Carlsbad
30%
California 90,986 Compton
30%
California 65,832 Davis
30%
Michigan 105,811 Dearborn
30%
Illinois 75,070 Evanston
30%
Alabama 42,437 Florence
30%
South Carolina 40,609 Florence
30%
Maryland 85,793 Frederick
30%
California 168,234 Garden Grove
30%
Arizona 111,805 Goodyear
30%
Tennessee 73,337 Johnson City
30%
Missouri 53,095 Joplin
30%
Texas 159,643 Killeen
30%
Texas 147,317 Mesquite
30%
Florida 79,607 Miami Beach
30%
North Dakota 47,373 Minot
30%
Massachusetts 100,695 New Bedford
30%
California 98,078 Norwalk
30%
Connecticut 92,458 Norwalk
30%
Florida 135,566 Palm Bay
30%
California 161,404 Palmdale
30%
Hawaii 45,295 Pearl City
30%
California 145,502 Pomona
30%
Texas 99,262 San Angelo
30%
California 61,501 Santa Cruz
30%
California 139,224 Torrance
30%
Michigan 136,655 Warren
30%
Connecticut 114,990 Waterbury
30%
Pennsylvania 44,254 Wilkes-Barre
30%
Washington 94,720 Bellingham
29%
Arizona 108,909 Buckeye
29%
California 102,755 Burbank
29%
Massachusetts 101,241 Lynn
29%
Wisconsin 66,184 Oshkosh
29%
California 65,882 Palo Alto
29%
Texas 127,736 Pearland
29%
California 125,113 Simi Valley
29%
Missouri 70,634 St. Joseph
29%
Virginia 100,659 Suffolk
29%
Colorado 114,875 Westminster
29%
California 88,729 Westminster
29%
Pennsylvania 78,300 Bethlehem
28%
Florida 99,974 Boca Raton
28%
Massachusetts 104,890 Brockton
28%
California 120,768 Fairfield
28%
Ohio 44,447 Fairfield
28%
Tennessee 88,558 Franklin
28%
California 155,675 Hayward
28%
California 102,865 Inglewood
28%
Florida 110,717 Miami Gardens
28%
Texas 130,406 Round Rock
28%
California 109,058 San Buenaventura
28%
Colorado 144,922 Thornton
28%
California 125,826 Clovis
27%
Colorado 112,609 Greeley
27%
North Carolina 116,926 High Point
27%
Oregon 107,730 Hillsboro
27%
New Jersey 57,010 Hoboken
27%
Florida 86,960 Melbourne
27%
Oklahoma 63,470 Moore
27%
Pennsylvania 40,687 State College
27%
Michigan 133,306 Sterling Heights
27%
California 138,869 Victorville
27%
Wisconsin 74,719 Appleton
26%
Florida 134,906 Coral Springs
26%
California 160,238 Corona
26%
Iowa 58,877 Dubuque
26%
Oregon 110,685 Gresham
26%
New York 83,742 New Rochelle
26%
Idaho 58,064 Pocatello
26%
Michigan 43,185 Saginaw
26%
California 49,244 San Luis Obispo
26%
California 94,188 San Marcos
26%
Texas 71,569 San Marcos
26%
New York 68,544 Schenectady
26%
California 75,353 Alameda
25%
Iowa 65,686 Ames
25%
Texas 132,918 Carrollton
25%
Oregon 61,087 Corvallis
25%
Texas 105,799 Edinburg
25%
Missouri 104,184 Lee's Summit
25%
New York 71,168 Mount Vernon
25%
Texas 117,435 Richardson
25%
Georgia 105,793 Sandy Springs
25%
California 110,682 Temecula
25%
New Jersey 60,797 Vineland
25%
Rhode Island 82,999 Warwick
25%
North Dakota 40,400 West Fargo
25%
New York 61,288 White Plains
25%
Oregon 96,945 Beaverton
24%
Connecticut 61,601 Bristol
24%
North Carolina 62,043 Chapel Hill
24%
Illinois 68,670 Decatur
24%
Alabama 58,321 Decatur
24%
Illinois 113,310 Elgin
24%
Florida 81,269 Kissimmee
24%
Texas 133,553 Lewisville
24%
Virginia 79,535 Lynchburg
24%
California 159,135 Roseville
24%
Michigan 46,666 Roseville
24%
Florida 57,602 Sarasota
24%
Utah 84,528 South Jordan
24%
Iowa 40,737 Cedar Falls
23%
Colorado 106,883 Centennial
23%
Idaho 56,894 Coeur d'Alene
23%
California 99,833 Daly City
23%
Connecticut 86,124 Danbury
23%
California 42,999 Danville
23%
Virginia 41,837 Danville
23%
California 69,128 Dublin
23%
Ohio 48,923 Dublin
23%
Hawaii 50,922 East Honolulu
23%
Wisconsin 70,542 Eau Claire
23%
Oklahoma 98,103 Edmond
23%
California 102,991 El Cajon
23%
California 148,122 Escondido
23%
Ohio 62,997 Hamilton
23%
Mississippi 48,414 Hattiesburg
23%
Arkansas 80,650 Jonesboro
23%
Kansas 53,682 Manhattan
23%
Florida 138,319 Miramar
23%
California 111,878 Murrieta
23%
Texas 110,958 New Braunfels
23%
Florida 113,619 Pompano Beach
23%
Washington 104,491 Renton
23%
Arkansas 88,224 Springdale
23%
California 122,807 Vallejo
23%
California 117,096 Antioch
22%
California 75,036 Apple Valley
22%
Minnesota 55,336 Apple Valley
22%
California 108,354 Costa Mesa
22%
Indiana 104,094 Fishers
22%
Kentucky 60,140 Owensboro
22%
Georgia 110,920 South Fulton
22%
Texas 65,800 Victoria
22%
California 144,998 Visalia
22%
New Jersey 70,300 Bayonne
21%
Florida 48,353 Coral Gables
21%
New York 58,225 Hempstead
21%
California 93,057 Indio
21%
Utah 55,250 Logan
21%
California 93,692 Merced
21%
Texas 87,292 Mission
21%
South Carolina 95,232 Mount Pleasant
21%
Florida 102,113 Palm Coast
21%
North Carolina 54,245 Rocky Mount
21%
Arkansas 59,471 Bentonville
20%
Illinois 89,189 Champaign
20%
Florida 98,739 Deltona
20%
Oklahoma 50,577 Enid
20%
Washington 97,701 Federal Way
20%
California 139,250 Fullerton
20%
Nebraska 52,622 Grand Island
20%
Tennessee 63,618 Hendersonville
20%
Oklahoma 90,245 Lawton
20%
Colorado 44,451 Littleton
20%
Arkansas 64,531 North Little Rock
20%
California 151,967 Sunnyvale
20%
California 61,123 Woodland
20%
Massachusetts 42,318 Beverly
19%
Virginia 45,485 Blacksburg
19%
Rhode Island 82,635 Cranston
19%
New Jersey 69,556 East Orange
19%
Indiana 59,890 Kokomo
19%
Arizona 59,257 Lake Havasu City
19%
Georgia 62,769 Marietta
19%
Connecticut 74,080 New Britain
19%
New Jersey 55,846 New Brunswick
19%
Wisconsin 76,602 Racine
19%
Mississippi 56,851 Southaven
19%
Missouri 71,800 St. Charles
19%
Florida 96,808 Sunrise
19%
Indiana 58,502 Terre Haute
19%
Michigan 52,175 Battle Creek
18%
New Jersey 88,461 Clifton
18%
Maryland 43,553 Hagerstown
18%
Indiana 76,193 Hammond
18%
Louisiana 67,874 Hammond
18%
Connecticut 52,793 Milford
18%
California 82,637 Newport Beach
18%
Florida 68,426 Ocala
18%
Utah 95,919 Orem
18%
Rhode Island 75,321 Pawtucket
18%
California 102,526 Vacaville
18%
Georgia 55,025 Valdosta
18%
Connecticut 54,790 West Haven
18%
Illinois 40,726 Belleville
17%
Idaho 68,336 Caldwell
17%
California 93,114 Chino
17%
Iowa 62,399 Council Bluffs
17%
Florida 107,799 Davie
17%
Alabama 71,258 Dothan
17%
Rhode Island 46,900 East Providence
17%
Texas 96,312 Georgetown
17%
Alabama 92,448 Hoover
17%
Washington 85,158 Kennewick
17%
Texas 116,320 League City
17%
Utah 90,227 Lehi
17%
Texas 83,236 Longview
17%
Ohio 51,478 Middletown
17%
Connecticut 47,984 Middletown
17%
California 81,785 Mountain View
17%
Indiana 65,081 Muncie
17%
Massachusetts 88,415 Newton
17%
Colorado 62,743 Parker
17%
California 80,996 Redwood City
17%
California 73,472 Rocklin
17%
Wisconsin 49,686 Sheboygan
17%
Oklahoma 49,525 Stillwater
17%
California 65,414 Union City
17%
New Jersey 64,462 Union City
17%
Georgia 84,537 Warner Robins
17%
Iowa 72,205 West Des Moines
17%
New Jersey 50,754 West New York
17%
Georgia 67,056 Alpharetta
16%
Illinois 74,495 Arlington Heights
16%
Minnesota 82,017 Brooklyn Park
16%
Texas 89,615 Bryan
16%
Texas 108,248 Conroe
16%
Michigan 48,528 East Lansing
16%
Maryland 69,563 Gaithersburg
16%
North Carolina 83,942 Gastonia
16%
Texas 50,928 Grapevine
16%
California 56,202 Highland
16%
Florida 81,659 Homestead
16%
Washington 91,194 Kirkland
16%
California 90,624 Mission Viejo
16%
Florida 59,008 North Miami
16%
Texas 55,547 Port Arthur
16%
Arizona 47,757 Prescott
16%
Maryland 67,297 Rockville
16%
Texas 93,095 Temple
16%
Texas 56,609 Texas City
16%
California 98,010 Tracy
16%
Iowa 66,606 Waterloo
16%
California 105,617 West Covina
16%
California 68,666 Yuba City
16%
California 79,776 Alhambra
15%
Arizona 93,545 Avondale
15%
Louisiana 62,738 Bossier City
15%
Missouri 49,166 Chesterfield
15%
California 57,285 Cupertino
15%
Michigan 60,872 Dearborn Heights
15%
Indiana 53,484 Elkhart
15%
California 103,794 El Monte
15%
Massachusetts 93,840 Fall River
15%
California 84,782 Folsom
15%
Indiana 66,296 Greenwood
15%
Florida 61,291 Jupiter
15%
Tennessee 56,704 Kingsport
15%
Wisconsin 51,327 La Crosse
15%
Minnesota 76,243 Lakeville
15%
Colorado 98,630 Longmont
15%
Connecticut 60,111 Meriden
15%
Missouri 94,074 O'Fallon
15%
California 74,653 Pleasanton
15%
Washington 63,757 Richland
15%
California 62,313 San Clemente
15%
Illinois 87,642 Waukegan
15%
Minnesota 79,538 Woodbury
15%
Indiana 55,199 Anderson
14%
Colorado 76,860 Broomfield
14%
Missouri 40,508 Cape Girardeau
14%
Illinois 81,004 Cicero
14%
Kentucky 40,972 Covington
14%
Illinois 58,010 Des Plaines
14%
Minnesota 62,166 Eden Prairie
14%
California 43,772 El Centro
14%
Florida 49,374 Fort Pierce
14%
New Jersey 45,736 Hackensack
14%
Wisconsin 66,102 Janesville
14%
California 107,321 Jurupa Valley
14%
Virginia 49,312 Leesburg
14%
California 82,908 Livermore
14%
Michigan 92,185 Livonia
14%
Colorado 79,352 Loveland
14%
Illinois 52,055 Oak Park
14%
Ohio 78,951 Parma
14%
New Jersey 54,670 Plainfield
14%
Illinois 47,448 Plainfield
14%
Arkansas 74,035 Rogers
14%
California 85,784 San Leandro
14%
Tennessee 57,418 Smyrna
14%
Georgia 56,566 Smyrna
14%
Iowa 74,458 Ankeny
13%
Texas 48,370 Bedford
13%
Florida 57,076 Bradenton
13%
California 108,816 Downey
13%
California 58,377 Gardena
13%
Utah 83,516 Layton
13%
Tennessee 48,112 Lebanon
13%
New Jersey 43,950 Linden
13%
Minnesota 45,742 Mankato
13%
Arizona 71,022 Maricopa
13%
California 113,433 Menifee
13%
Mississippi 47,029 Olive Branch
13%
New Jersey 68,903 Passaic
13%
New Jersey 55,249 Perth Amboy
13%
Massachusetts 43,076 Pittsfield
13%
California 59,555 San Rafael
13%
California 84,929 San Ramon
13%
Illinois 75,750 Schaumburg
13%
California 63,123 South San Francisco
13%
California 69,152 Walnut Creek
13%
Wisconsin 70,446 Waukesha
13%
Indiana 44,829 West Lafayette
13%
Minnesota 73,774 Blaine
12%
Maryland 57,254 Bowie
12%
Colorado 81,415 Castle Rock
12%
California 86,239 Citrus Heights
12%
Arkansas 69,580 Conway
12%
California 48,728 Covina
12%
Florida 67,536 Delray Beach
12%
Wisconsin 44,300 Fond du Lac
12%
Massachusetts 71,875 Framingham
12%
New York 43,756 Freeport
12%
North Carolina 44,415 Hickory
12%
Ohio 65,337 Lorain
12%
Texas 78,542 Mansfield
12%
Ohio 47,711 Mansfield
12%
Illinois 41,965 Moline
12%
Florida 61,146 Palm Beach Gardens
12%
Florida 96,548 Plantation
12%
California 82,605 Rancho Cordova
12%
California 72,556 Redlands
12%
South Carolina 75,654 Rock Hill
12%
Kansas 69,417 Shawnee
12%
Massachusetts 80,407 Somerville
12%
California 72,100 Turlock
12%
California 66,147 Yorba Linda
12%
California 50,263 Aliso Viejo
11%
Florida 59,113 Apopka
11%
California 75,122 Bellflower
11%
Minnesota 63,377 Coon Rapids
11%
Minnesota 53,348 Edina
11%
Texas 71,510 Harlingen
11%
Virginia 51,082 Harrisonburg
11%
Louisiana 63,333 Kenner
11%
California 67,679 Lodi
11%
California 68,079 Madera
11%
Texas 76,773 Missouri City
11%
Illinois 57,074 Orland Park
11%
California 51,951 Palm Desert
11%
California 58,800 Petaluma
11%
Michigan 61,689 Pontiac
11%
Washington 80,280 Redmond
11%
California 103,391 Rialto
11%
California 71,092 Tulare
11%
Arizona 41,153 Apache Junction
10%
North Carolina 72,225 Apex
10%
California 54,157 Arcadia
10%
Massachusetts 49,709 Barnstable
10%
Texas 84,067 Baytown
10%
Missouri 60,539 Blue Springs
10%
Florida 56,229 Bonita Springs
10%
Utah 44,144 Bountiful
10%
Florida 81,267 Boynton Beach
10%
Washington 45,450 Bremerton
10%
Georgia 57,945 Brookhaven
10%
California 81,958 Buena Park
10%
Arizona 43,302 Bullhead City
10%
Minnesota 64,772 Burnsville
10%
California 69,514 Camarillo
10%
California 41,700 Campbell
10%
Arizona 63,743 Casa Grande
10%
California 52,356 Cathedral City
10%
Texas 48,411 Cedar Hill
10%
California 77,212 Chino Hills
10%
California 43,590 Coachella
10%
California 53,357 Colton
10%
Ohio 50,742 Cuyahoga Falls
10%
California 52,041 Diamond Bar
10%
Texas 59,686 Euless
10%
Michigan 82,528 Farmington Hills
10%
Missouri 51,128 Florissant
10%
California 58,250 Gilroy
10%
California 49,934 Glendora
10%
California 59,938 Hanford
10%
Massachusetts 67,415 Haverhill
10%
California 92,368 Hemet
10%
North Carolina 64,688 Huntersville
10%
Georgia 81,108 Johns Creek
10%
California 73,028 Lake Elsinore
10%
California 85,840 Lake Forest
10%
Florida 82,248 Largo
10%
Kansas 58,536 Lenexa
10%
Virginia 42,696 Manassas
10%
California 91,059 Manteca
10%
Washington 72,916 Marysville
10%
Oklahoma 58,086 Midwest City
10%
California 77,321 Milpitas
10%
Minnesota 45,202 Moorhead
10%
Utah 49,553 Murray
10%
Indiana 73,916 Noblesville
10%
Illinois 52,618 Normal
10%
Florida 42,789 North Miami Beach
10%
Washington 80,038 Pasco
10%
California 80,603 Perris
10%
California 62,876 Porterville
10%
Arizona 76,570 Queen Creek
10%
California 67,749 Redondo Beach
10%
Michigan 76,002 Rochester Hills
10%
California 41,327 San Bruno
10%
California 55,440 San Jacinto
10%
Texas 47,473 Sherman
10%
Arizona 44,431 Sierra Vista
10%
Michigan 61,241 Taylor
10%
Illinois 53,886 Tinley Park
10%
Iowa 46,729 Urbandale
10%
California 98,344 Vista
10%
North Carolina 54,337 Wake Forest
10%
California 50,867 Watsonville
10%
Florida 61,634 Wellington
10%
North Carolina 47,833 Wilson
10%
Florida 57,109 Winter Haven
10%
Michigan 77,451 Wyoming
10%
California 48,272 Azusa
9%
California 65,126 Brentwood
9%
Tennessee 45,265 Brentwood
9%
Colorado 42,477 Brighton
9%
Massachusetts 54,838 Chicopee
9%
Colorado 68,245 Commerce City
9%
Ohio 45,158 Delaware
9%
Illinois 49,706 Downers Grove
9%
Georgia 51,713 Dunwoody
9%
Washington 42,701 Edmonds
9%
California 60,841 Encinitas
9%
Ohio 48,212 Euclid
9%
Texas 79,445 Flower Mound
9%
California 100,633 Hesperia
9%
California 51,942 Huntington Park
9%
Minnesota 71,288 Maple Grove
9%
Ohio 46,929 Mentor
9%
Indiana 50,842 Mishawaka
9%
Illinois 54,298 Mount Prospect
9%
Florida 88,934 North Port
9%
Massachusetts 57,954 Revere
9%
Florida 65,394 Sanford
9%
New Jersey 45,496 Sayreville
9%
Illinois 64,937 Skokie
9%
California 90,070 South Gate
9%
South Carolina 42,766 Sumter
9%
California 77,704 Tustin
9%
Florida 68,181 Weston
9%
California 55,842 West Sacramento
9%
California 84,143 Whittier
9%
Florida 47,294 Winter Garden
9%
California 68,806 Baldwin Park
8%
Illinois 74,088 Bolingbrook
8%
Illinois 42,482 Buffalo Grove
8%
Tennessee 51,317 Collierville
8%
Florida 87,325 Deerfield Beach
8%
Florida 79,359 Doral
8%
Utah 49,602 Draper
8%
Minnesota 67,396 Eagan
8%
Ohio 53,117 Elyria
8%
Indiana 51,235 Jeffersonville
8%
Hawaii 40,514 Kailua
8%
North Carolina 59,321 Kannapolis
8%
California 60,537 La Mesa
8%
Massachusetts 65,133 Malden
8%
Arizona 58,430 Marana
8%
California 57,877 Monterey Park
8%
Arizona 48,311 Oro Valley
8%
Texas 80,410 Pharr
8%
Michigan 49,302 Portage
8%
Washington 61,353 Shoreline
8%
Michigan 75,687 Southfield
8%
Michigan 57,548 St. Clair Shores
8%
Minnesota 49,697 St. Louis Park
8%
South Carolina 51,884 Summerville
8%
Florida 49,680 Titusville
8%
Wisconsin 58,874 West Allis
8%
Illinois 52,938 Wheaton
8%
Tennessee 56,030 Bartlett
7%
Ohio 43,908 Cleveland Heights
7%
California 51,500 Delano
7%
Texas 55,740 DeSoto
7%
Illinois 45,336 Elmhurst
7%
California 55,468 Fountain Valley
7%
California 83,364 Hawthorne
7%
Texas 46,316 Keller
7%
Michigan 53,987 Kentwood
7%
Ohio 56,876 Kettering
7%
Washington 58,326 Lacey
7%
California 60,991 La Habra
7%
Florida 73,974 Lauderhill
7%
Washington 43,867 Lynnwood
7%
Iowa 42,213 Marion
7%
California 55,236 National City
7%
Texas 70,658 North Richland Hills
7%
Illinois 55,734 Oak Lawn
7%
California 45,761 Oakley
7%
Illinois 64,869 Palatine
7%
California 51,072 Paramount
7%
Massachusetts 54,056 Peabody
7%
Idaho 44,798 Post Falls
7%
California 48,051 Poway
7%
Arizona 50,045 Prescott Valley
7%
Illinois 40,955 Romeoville
7%
California 59,478 Santee
7%
Minnesota 47,158 Shakopee
7%
Utah 45,557 Spanish Fork
7%
Oregon 55,590 Tigard
7%
California 78,699 Upland
7%
Massachusetts 64,477 Waltham
7%
Texas 43,053 Weslaco
7%
Michigan 82,574 Westland
7%
Massachusetts 41,647 Woburn
7%
Ohio 47,193 Beavercreek
6%
Illinois 54,414 Berwyn
6%
Texas 77,516 Cedar Park
6%
Texas 41,404 Coppell
6%
California 48,782 Cypress
6%
California 70,510 Eastvale
6%
South Carolina 49,249 Goose Creek
6%
South Carolina 44,387 Greer
6%
Texas 62,548 Kyle
6%
California 62,899 Laguna Niguel
6%
California 45,505 La Mirada
6%
Massachusetts 43,627 Leominster
6%
Illinois 43,779 Lombard
6%
California 43,045 Lompoc
6%
Massachusetts 41,179 Marlborough
6%
Georgia 41,383 Milton
6%
Minnesota 52,463 Minnetonka
6%
Michigan 66,314 Novi
6%
Florida 44,105 Oakland Park
6%
Florida 49,261 Ocoee
6%
Georgia 42,136 Peachtree Corners
6%
California 59,189 Pico Rivera
6%
Washington 42,179 Puyallup
6%
Utah 44,854 Riverton
6%
Texas 52,918 Rockwall
6%
Texas 41,104 Rosenberg
6%
Washington 65,116 Sammamish
6%
Utah 52,532 Saratoga Springs
6%
Wisconsin 47,038 Wauwatosa
6%
Florida 45,257 Altamonte Springs
5%
Illinois 40,861 Crystal Lake
5%
Ohio 42,782 Grove City
5%
Illinois 50,179 Hoffman Estates
5%
Ohio 43,313 Huber Heights
5%
California 63,234 Lynwood
5%
California 60,015 Montebello
5%
North Carolina 53,721 Mooresville
5%
California 44,478 Morgan Hill
5%
Florida 44,784 North Lauderdale
5%
California 51,722 Novato
5%
Florida 44,277 Ormond Beach
5%
Florida 41,231 Oviedo
5%
Texas 65,301 Pflugerville
5%
California 52,192 Placentia
5%
Texas 66,813 Rowlett
5%
Ohio 45,511 Strongsville
5%
Utah 57,098 Taylorsville
5%
Texas 47,201 Waxahachie
5%
Massachusetts 59,114 Weymouth
5%
Rhode Island 43,135 Woonsocket
5%
California 53,947 Yucaipa
5%
Massachusetts 46,654 Attleboro
4%
Washington 50,213 Bothell
4%
Washington 50,730 Burien
4%
Texas 55,220 Burleson
4%
California 48,397 Ceres
4%
California 46,797 Cerritos
4%
Massachusetts 41,579 Fitchburg
4%
Texas 45,290 Haltom City
4%
Utah 60,049 Herriman
4%
California 44,658 Hollister
4%
California 48,553 Los Banos
4%
Florida 53,456 Pinellas Park
4%
Florida 65,966 Port Orange
4%
California 46,182 Rancho Santa Margarita
4%
California 49,305 Rosemead
4%
Tennessee 57,637 Spring Hill
4%
Massachusetts 60,412 Taunton
4%
Texas 45,471 The Colony
4%
Hawaii 43,485 Waipahu
4%
Indiana 57,746 Westfield
4%
Massachusetts 40,509 Westfield
4%
Texas 61,078 Wylie
4%
California 48,479 Brea
3%
Florida 48,621 Clermont
3%
Florida 57,694 Coconut Creek
3%
Minnesota 42,056 Cottage Grove
3%
Florida 43,762 Cutler Bay
3%
Utah 56,932 Eagle Mountain
3%
Texas 40,826 Friendswood
3%
Tennessee 50,355 Gallatin
3%
Illinois 46,904 Glenview
3%
Florida 44,103 Greenacres
3%
Florida 41,547 Hallandale Beach
3%
New York 41,857 Kiryas Joel
3%
Washington 40,521 Lake Stevens
3%
Texas 80,067 Leander
3%
Florida 58,593 Margate
3%
Massachusetts 53,455 Methuen
3%
Texas 41,352 Midlothian
3%
Utah 62,205 Millcreek
3%
Florida 40,571 Plant City
3%
Texas 41,660 Prosper
3%
California 44,546 Rohnert Park
3%
Michigan 57,452 Royal Oak
3%
Texas 43,239 Schertz
3%
Connecticut 42,144 Shelton
3%
Georgia 60,677 Stonecrest
3%
Florida 72,372 Tamarac
3%
Missouri 47,497 Wentzville
3%
Florida 43,009 DeLand
2%
North Carolina 43,817 Fuquay-Varina
2%
Texas 58,496 Little Elm
2%
Georgia 44,940 Newnan
2%
Oklahoma 41,162 Owasso
2%
Wisconsin 41,884 Brookfield
1%
Texas 43,317 Celina
1%
Texas 42,616 Fulshear
1%
North Carolina 46,271 Holly Springs
1%
North Carolina 42,854 Indian Trail
1%
Florida 43,346 Lake Worth Beach
1%
Ohio 41,220 Reynoldsburg
1%
Tennessee 42,912 Mount Juliet
0%
No matching quizzes found
Score Distribution
Percent of People with Each Score
Percentile by Number Answered
Your Score History
You have not taken this quiz